<?xml version="1.0" encoding="UTF-8"?>
<collection xmlns="http://www.loc.gov/MARC21/slim">
    <record>
        <controlfield tag="001">66969</controlfield>
        <controlfield tag="005">20180223094732.0</controlfield>
        <datafield tag="037" ind1=" " ind2=" ">
            <subfield code="a">GDOC-2016-28805</subfield>
        </datafield>
        <datafield tag="041" ind1=" " ind2=" ">
            <subfield code="a">spa</subfield>
        </datafield>
        <datafield tag="100" ind1=" " ind2=" ">
            <subfield code="0">(orcid)0000-0002-9496-9714</subfield>
            <subfield code="1">332821</subfield>
            <subfield code="a">Laliena Bielsa, Antonio Ramon</subfield>
        </datafield>
        <datafield tag="245" ind1="0" ind2="0">
            <subfield code="9">28805</subfield>
            <subfield code="a">Matemáticas II</subfield>
        </datafield>
        <datafield tag="260" ind1=" " ind2=" ">
            <subfield code="a">Zaragoza</subfield>
            <subfield code="b">Universidad de Zaragoza</subfield>
            <subfield code="c">2016-2017</subfield>
        </datafield>
        <datafield tag="520" ind1=" " ind2=" ">
            <subfield code="a">Breve presentación de la asignatura
En esta asignatura se trabajan los principios básicos del Álgebra Lineal, en particular la teoría de las matrices y los espacios vectoriales y su uso desde un punto de vista práctico mediante herramientas de cálculo contemporáneas y eficaces. También se exponen los conceptos fundamentales del Cálculo Integral en Varias Variables, completando así la teoría del cálculo  comenzada en el semestre anterior y añadiendo las técnicas de cálculo relevantes a un nivel básico. Se pretende así cubrir un área de conocimiento estándar, que se extiende al estudio de las ecuaciones diferenciales en el curso siguiente. El énfasis se pone en los conceptos más concretos, ilustrándolos siempre con ejemplos tomados de la Física y la Ingeniería, y se complementan con técnicas de cálculo que hacen uso de software especializado, moderno y de libre distribución.
En todo momento se fomenta la participación del alumno y su interacción con el profesor, bien a través de clases y/o tutorías presenciales, bien a través del correo electrónico y la plataforma Moodle, que se usa como referencia virtual para la distribución de material, comunicación con los alumnos y publicación de resultados.</subfield>
            <subfield code="b"> </subfield>
        </datafield>
        <datafield tag="521" ind1=" " ind2=" ">
            <subfield code="9">150</subfield>
            <subfield code="a">Ingeniería Mecatrónica</subfield>
        </datafield>
        <datafield tag="540" ind1=" " ind2=" ">
            <subfield code="a">by-nc-sa</subfield>
            <subfield code="b">Creative Commons</subfield>
            <subfield code="c">3.0</subfield>
            <subfield code="u">http://creativecommons.org/licenses/by-nc-sa/3.0/</subfield>
        </datafield>
        <datafield tag="830" ind1=" " ind2=" ">
            <subfield code="9">424</subfield>
        </datafield>
        <datafield tag="856" ind1="4" ind2=" ">
            <subfield code="s">10714</subfield>
            <subfield code="u">http://zaguan.unizar.es/record/66969/files/guia-28805-en.pdf</subfield>
            <subfield code="y">Guide (english)</subfield>
        </datafield>
        <datafield tag="856" ind1="4" ind2=" ">
            <subfield code="s">21419</subfield>
            <subfield code="u">http://zaguan.unizar.es/record/66969/files/guia-28805-es.pdf</subfield>
            <subfield code="y">Guía (idioma español)</subfield>
        </datafield>
        <datafield tag="970" ind1=" " ind2=" ">
            <subfield code="a">GDOC-2016-28805</subfield>
        </datafield>
        <datafield tag="980" ind1=" " ind2=" ">
            <subfield code="a">GDOC</subfield>
            <subfield code="b">Ingeniería y arquitectura</subfield>
            <subfield code="c">175</subfield>
        </datafield>
    </record>

    
</collection>